| 000 | 00502nam a22001697a 4500 | ||
|---|---|---|---|
| 003 | OSt | ||
| 005 | 20140310182327.0 | ||
| 008 | 130921t xxu||||| |||| 00| 0 eng d | ||
| 020 | _a0669041610 | ||
| 050 |
_aQA 39.2 _b.R835 1983 |
||
| 082 |
_aGS 510 _bR82 1983 |
||
| 100 |
_aRucker, Walter E. _921039 |
||
| 245 |
_aHealth Mathematics / _cWalter E. Rucker, Clyde A. Dilley, David Lowry, Earl G. Ockenga |
||
| 300 |
_a442 p. : _bcol. : ill. ; _c24 cm. |
||
| 650 |
_aMathematics _9210 |
||
| 942 |
_2lcc _cBK-GS |
||
| 999 |
_c11907 _d11907 |
||